Kraje najbliżej Zjednoczonych Emiratów Arabskich - Statystyki

Ogólne statystyki
  • Ten quiz został rozwiązany 710 razy
  • Średni wynik to 15 z 20
Statystyki odpowiedzi
km kraj % Poprawnych
0 Arabia Saudyjska
98%
683 Irak
94%
66 Iran
94%
0 Oman
94%
443 Jemen
91%
32 Katar
91%
1206 Indie
81%
529 Pakistan
80%
1515 Syria
79%
560 Kuwejt
75%
627 Afganistan
74%
1488 Jordania
73%
1562 Turcja
71%
158 Bahrajn
69%
1234 Somalia
56%
1165 Turkmenistan
54%
1108 Erytrea
49%
1516 Sudan
47%
1540 Azerbejdzan
42%
1515 Dzibuti
41%
Nie znaleziono quizów pasujących do podanych kryteriów
Rozkład punktacji
Procent ludzi z każdym wynikiem
Percentyl według liczby udzielonych odpowiedzi
Twoja historia wyników
Nie rozwiązałeś tego quizu